Kitāb al-itbāʻ. (Record no. 45557)

MARC details
000 -LEADER
fixed length control field 00593cam a22002171 4500
001 - CONTROL NUMBER
control field ne 63000298
003 - CONTROL NUMBER IDENTIFIER
control field DLC
005 - DATE AND TIME OF LATEST TRANSACTION
control field 20260227111741.0
008 - FIXED-LENGTH DATA ELEMENTS--GENERAL INFORMATION
fixed length control field 890228s1961 xx 000 0 ara
010 ## - LIBRARY OF CONGRESS CONTROL NUMBER
LC control number ne 63000298
035 ## - SYSTEM CONTROL NUMBER
System control number (OCoLC)23489964
040 ## - CATALOGING SOURCE
Original cataloging agency DLC
Transcribing agency MiU
Modifying agency DLC
050 00 - LIBRARY OF CONGRESS CALL NUMBER
Classification number PJ6141
Item number .H3
100 1# - MAIN ENTRY--PERSONAL NAME
Personal name Abū al-Ṭayyib al-Lughawī, ʻAbd al-Wāḥid ibn ʻAlī,
Dates associated with a name -962 or 963.
245 10 - TITLE STATEMENT
Title Kitāb al-itbāʻ.
260 ## - PUBLICATION, DISTRIBUTION, ETC.
Date of publication, distribution, etc. [1961]
300 ## - PHYSICAL DESCRIPTION
Extent 128 p.
Other physical details facsims.
Dimensions 26 cm.
490 0# - SERIES STATEMENT
Series statement #
650 #0 - SUBJECT ADDED ENTRY--TOPICAL TERM
Topical term or geographic name entry element Arabic language
General subdivision Glossaries, vocabularies, etc.
740 0# - ADDED ENTRY--UNCONTROLLED RELATED/ANALYTICAL TITLE
Uncontrolled related/analytical title Itbāʼ.

No items available.

Powered by Koha